000 00515nam a22001817a 4500
003 OSt
005 20140310181756.0
008 130629t xxu||||| |||| 00| 0 eng d
020 _a9789712345340
050 _aQA 154
_b.Or74 2007
082 _aFIL 512
_bOr6 2007
100 _aOronce, Orlando A.
245 _ae-Math IV :
_cOrlando A. Oronce
_badvanced algebra and Trigonometry /
260 _aManila :
_bRex Book Store,
_c2007.
300 _aix, 570 p. :
_c26 cm.
_bill. ;
942 _2lcc
_cBK
999 _c3449
_d3449